000 01676cam a22003494i 4500
003 PE-LiUPU
005 20250731183412.0
008 150623s1994 pe a rb 000 0 sp d
035 _a(Sirsi) a24551
040 _aPE-LiUPU
_bspa
_cPE-LiUPU
_erda
082 0 4 _a704.9
_bS55
_221
100 1 _aSilverman, Gail Patricia,
_eautor.
245 1 3 _aEl tejido andino :
_bun libro de sabiduría /
_cGail P. Silverman ; traducido por Javier Flores Espinoza y Mariana Pease Mould.
264 1 _aLima :
_bBanco Central de Reserva del Perú; Fondo Editorial,
_c1994.
300 _a202 páginas :
_bilustraciones fotos ;
_c24 cm.
336 _atext
_2rdacontent
337 _aunmediated
_2rdamedia
338 _avolume
_2rdacarrier
504 _aIncluye bibliografía.
505 0 _aTejiendo el libro. -La estructura del espacio. -El tiempo cotidiano. -Para tiempo y osari: el tiempo estacional. -Lista: una clasificación de los bienes por colores. -La representación gráfica del mito de inkarri en las telas de Q'ero. -Iskaymanta/Kinsamanta: lógica y función en los andes. -El léxico gráfico. -Conclusión.
526 _aP158
526 _aP146
526 _aP17
526 _aP12
526 _aP06
650 0 4 _aArte textil
_zPerú
_yEpoca Prehispánica.
942 _2ddc
_cBOOK
949 _a704.9 S55
_wDEWEY
_c1
_i48885
_lCCODEBUL1
_mBUL
_p00.00
_r0
_sY
_tBOOK
_u2015-06-24
_xBIBLIOTECA
_zUNKNOWN
_0COMPRA
_o.STAFF. Colección General
596 _a1
999 _a704.9 S55
_wDEWEY
_c28042
_i48885
_f2021-11-9
_g7
_lCCODEBUL1
_mBUL
_p20.00
_r0
_sY
_tBOOK
_u2015-6-24
_xINGENIERIA
_zUNKNOWN
_0COMPRA
_o.STAFF. Colección General
_d28042
980 _81
_gALBERTO SANCHEZ Responsable de Automatización